| 000 | 00547nam a22001937a 4500 | ||
|---|---|---|---|
| 003 | CEME | ||
| 005 | 20210628205056.0 | ||
| 008 | 210114b xxu||||| |||| 00| 0 eng d | ||
| 020 | _a9788131705735 | ||
| 040 | _c. | ||
| 082 | _a621.382 PRO | ||
| 100 |
_aProakis, John G _9662 |
||
| 245 | _aFundamentals of communicaiton systems | ||
| 260 |
_aINDIA _bPEARSON EDUCATION INDIA _c2013 |
||
| 300 | _aXVII, 858P | ||
| 650 |
_aCOMMUNICAITON SYSTEMS.FUNDAMENTALS OF COMMUNICAITON SYSTEMS _973739 |
||
| 700 |
_aMASOUD SALEHI _973740 |
||
| 942 |
_cBK _2ddc |
||
| 999 |
_c579398 _d579398 |
||